000 00566nam a2200181Ia 4500
008 090124s9999 xx 000 0 und d
082 _b47439
100 _aदेवधर ज्योत्स्ना
245 _a मूठभर माणुसकी
250 _a2
260 _c2008
300 _a162
600 _aदेवधर ज्योत्स्ना
630 _a मूठभर माणुसकी
700 _aदेवधर ज्योत्स्ना
730 _a मूठभर माणुसकी
942 _cBOOK
999 _c113699
_d113699